Nghiên cứu một số bệnh thường gặp do vi khuẩn, ký sinh trùng gây ra ở tôm hùm bông (Panulirus ornatus) nuôi lồng tại vùng biển Phú Yên, Khánh Hòa và các biện pháp phòng trị
Đề tài nghiên cứu, điều tra thực trạng bệnh ở tôm hùm bông nuôi lồng tại Sông Cầu (Phú Yên) và Vạn Ninh (Khánh Hòa), các tác nhân vi khuẩn, ký sinh trùng gây bệnh đỏ thân và đen, nghiên cứu một số biện pháp phòng, trị bệnh....
Saved in:
| Main Author: | |
|---|---|
| Format: | Book |
| Language: | Undetermined |
| Published: |
Nha Trang
Bộ Thủy sản
2005
|
| Subjects: | |
| Tags: |
Add Tag
No Tags, Be the first to tag this record!
|
| Institutions: | Trung tâm Học liệu Trường Đại học Cần Thơ |
|---|
| LEADER | 01082nam a2200193Ia 4500 | ||
|---|---|---|---|
| 001 | CTU_161428 | ||
| 008 | 210402s9999 xx 000 0 und d | ||
| 082 | |a 639.6 | ||
| 082 | |b Nh100 | ||
| 100 | |a Võ, Văn Nha | ||
| 245 | 0 | |a Nghiên cứu một số bệnh thường gặp do vi khuẩn, ký sinh trùng gây ra ở tôm hùm bông (Panulirus ornatus) nuôi lồng tại vùng biển Phú Yên, Khánh Hòa và các biện pháp phòng trị | |
| 245 | 0 | |c Võ Văn Nha | |
| 260 | |a Nha Trang | ||
| 260 | |b Bộ Thủy sản | ||
| 260 | |c 2005 | ||
| 520 | |a Đề tài nghiên cứu, điều tra thực trạng bệnh ở tôm hùm bông nuôi lồng tại Sông Cầu (Phú Yên) và Vạn Ninh (Khánh Hòa), các tác nhân vi khuẩn, ký sinh trùng gây bệnh đỏ thân và đen, nghiên cứu một số biện pháp phòng, trị bệnh. | ||
| 650 | |a Shrimp culture,Nuôi tôm | ||
| 904 | |i Trọng Hải | ||
| 980 | |a Trung tâm Học liệu Trường Đại học Cần Thơ | ||